Das Expeditionswesen im ägyptischen Neuen Reich : ein Beitrag zu Rohstoffversorgung und Aussenhandel /

محفوظ في:

المؤلف الرئيسي: Hikade, Thomas (مؤلف)

التنسيق: كتاب

اللغة: German

منشور في: Heidelberg : Heidelberger Orientverlag, 2001.

سلاسل: Studien zur Archäologie und Geschichte Altägyptens ; 21.
SAGA ; 21.

الموضوعات:

الوسوم: إضافة وسم

لا توجد وسوم, كن أول من يضع وسما على هذه التسجيلة!

رقم الطلب: DT57 .D55 v.21

LEADER 01371namaa2200337 4500
001 12997
003 OSt
005 20241113140424.0
008 130303s2001 gw ab b 000 0 ger d
952 |0 0  |1 0  |2 lcc  |3 V.21  |4 0  |6 DT0057 D55 V.00021  |7 1  |9 12341  |a ARCE  |b ARCE  |d 2021-05-11  |l 0  |o DT57 .D55 v.21  |p 1009801  |r 2021-05-11 00:00:00  |w 2021-05-11  |y BK 
999 |c 11554  |d 11554 
010 |a f-ua--- 
020 |a 3927552364 
040 |c ARCE Library 
043 |a f-ua--- 
050 4 |a DT57 .D55 v.21 
100 1 |a Hikade, Thomas,  |e author  |9 32044 
245 1 4 |a Das Expeditionswesen im ägyptischen Neuen Reich :   |b ein Beitrag zu Rohstoffversorgung und Aussenhandel /   |c von Thomas Hikade. 
264 1 |a Heidelberg :  |b Heidelberger Orientverlag,  |c 2001. 
300 |a xxxviii, 272 pages :  |b illustrations, maps ;  |c 30 cm. 
490 1 |a Studien zur Archäologie und Geschichte Altägyptens ;   |v 21. 
490 1 |a SAGA ;   |v 21. 
500 |a Originally presented as the author's thesis (doctoral)--Ruprecht-Karls-Universitat Heidelberg, 1996. 
504 |a Includes bibliographical references (p. [xiii]-xxxviii). 
650 0 |a Natural resources  |z Egypt. 
651 0 |a Egypt  |x Commerce  |x History. 
651 0 |a Egypt  |x Economic conditions  |x History. 
830 0 |a Studien zur Archäologie und Geschichte Altägyptens ;   |v 21. 
830 0 |a SAGA ;   |v 21. 
901 |a reviewed 
942 |c BK  |2 lcc